[Event "British Chess Championships 2023: Weekend Tournament Atkins"]
[Site "The Venue, De Montfort University, 20 Western Boulevard, Leicester, LE2 7BU"]
[Date "2023.07.21"]
[Round "1"]
[Board "1"]
[White "Gopakumar, Siddharth"]
[Black "Gerlagh, Joris"]
[Result "1/2-1/2"]
[WhiteElo "2017"]
[BlackElo "2437"]
[PlyCount "0"]
[EventDate "2023.07.21"]
[EventRounds "5"]
[EventCountry "ENG"]

1. e4 e6 2. d4 d5 3. Bd3 c5 4. exd5 Qxd5 5. Nf3 cxd4 6. O-O Nc6 7. Re1 Nf6 8. c3
Bc5 9. cxd4 Nxd4 10. Nxd4 Bxd4 11. Bb5+ Bd7 12. Bxd7+ Qxd7 13. Qb3 O-O 14. Be3 Bxe3
15. Rxe3 Qd5 16. Rd3 Qxb3 17. Rxb3 Rfd8 18. Nc3 Rd7 19. Kf1 Rad8 20. h3 Kf8 21. Ke1
Ke7 22. Rd1 Rxd1+ 23. Nxd1 Rd7 24. Nc3 Kd8 25. Ke2 Kc8 26. Ke3 b6 27. f4 Kc7 28.
g4 Kc6 29. g5 Ne8 30. Ne4 Nc7 31. Nc3 Rd8 32. h4 Ne8 33. Ne4 Rd1 34. Nf2 Rg1 35.
Rc3+ Kb7 36. Rd3 Rg3+ 37. Ke4 Rxd3 38. Nxd3 Nd6+ 39. Kf3 Kc7 40. h5 Kd8 41. Ne5 Ke8
42. b4 Nb5 43. a4 Nc3 44. a5 f6 45. axb6 axb6 46. h6 gxh6 47. gxf6 Nd5 48. f7+ Kf8
49. b5 h5 50. Kg3 Kg7 51. Kh4 Nxf4 52. Kg5 Ng6 53. Nd7 h4 54. Kg4 h5+ 55. Kh3 Kxf7
56. Nxb6 Ke7 57. Nc4 Kd7 58. Nd2 Kc7 59. Ne4 Kb6 60. Ng5 e5 61. Nf3 e4 62. Nd2 Kxb5
 1/2-1/2

[Event "British Chess Championships 2023: Weekend Tournament Atkins"]
[Site "The Venue, De Montfort University, 20 Western Boulevard, Leicester, LE2 7BU"]
[Date "2023.07.21"]
[Round "1"]
[Board "2"]
[White "Buanne, Luca"]
[Black "De Coverly, Roger D"]
[Result "1/2-1/2"]
[WhiteElo "2224"]
[BlackElo "2016"]
[PlyCount "0"]
[EventDate "2023.07.21"]
[EventRounds "5"]
[EventCountry "ENG"]

1. e4 c5 2. Nf3 a6 3. b3 d6 4. Bb2 e5 5. c3 Nf6 6. Qc2 Qc7 7. Be2 Be7 8. O-O O-O
9. d3 b5 10. Nbd2 Bb7 11. Rfe1 Nbd7 12. Nf1 Rfe8 13. Ng3 Bf8 14. Bf1 g6 15. Rad1
Bg7 16. Qb1 d5 17. exd5 Nxd5 18. d4 Nf4 19. Nxe5 Nxe5 20. dxe5 Bxe5 21. c4 Bxb2 22.
Qxb2 bxc4 23. bxc4 Qc6 24. f3 Ne6 25. Ne4 Nd4 26. Kh1 Rab8 27. Qd2 f5 28. Nc3 Rxe1
29. Rxe1 Re8 30. Nd5 Rxe1 31. Qxe1 Qe6 32. Qa5 Qd6 33. Qc3 Kg7 34. Qe3 Qe6 35. Qd2
Qe5 36. Qa5 Qd6 37. Kg1 h5 38. Kf2 h4 39. Qe1 Qe6 40. Qb1 Qd7 41. Qb6 Ne6 42. Qb2+
Nd4 43. Qd2 Qd6 44. Qb2 Qd7 45. a3 a5 46. Qd2 Qa4 47. Qe3 Qd7 48. Qe5+ Kh6 49. Qh8+
Qh7 50. Qf8+ Qg7 51. Qxc5 Bxd5 52. cxd5 f4 53. d6 Nf5 54. Bd3 Qb2+ 55. Ke1 Ne3 56.
d7 Nxg2+ 57. Kd1 Ne3+ 58. Ke1 Ng2+  1/2-1/2

[Event "British Chess Championships 2023: Weekend Tournament Atkins"]
[Site "The Venue, De Montfort University, 20 Western Boulevard, Leicester, LE2 7BU"]
[Date "2023.07.21"]
[Round "1"]
[Board "3"]
[White "Broughton, Daniel"]
[Black "Stubbs, Oliver"]
[Result "0-1"]
[WhiteElo "2013"]
[BlackElo "2206"]
[PlyCount "0"]
[EventDate "2023.07.21"]
[EventRounds "5"]
[EventCountry "ENG"]

1. d4 Nf6 2. c4 g6 3. Nc3 Bg7 4. e4 d6 5. f4 O-O 6. Be2 e5 7. fxe5 dxe5 8. d5 c6
9. Be3 Ng4 10. Bxg4 Qh4+ 11. Bf2 Qxg4 12. Qxg4 Bxg4 13. h3 Bc8 14. Nf3 f5 15. Nd2
Nd7 16. dxc6 bxc6 17. O-O Nf6 18. Be3 Be6 19. b3 Rfd8 20. Ndb1 f4 21. Bc5 Bf8 22.
Bxf8 Kxf8 23. Na3 Rd2 24. Rad1 Rad8 25. Rxd2 Rxd2 26. Nab1 Rd4 27. Re1 g5 28. Re2
Bf7 29. Nd2 Bh5 30. Rf2 Rd3 31. Na4 Ke7 32. Nc5 Rc3 33. Nf3 Bxf3 34. gxf3 Kd6 35.
Nb7+ Ke7 36. Nc5 Nd7 37. Na4 Rd3 38. Kg2 h5 39. Nb2 Rd4 40. Re2 Ke6 41. Na4 Kd6 42.
Nb2 Nf6 43. Kf2 g4 44. hxg4 hxg4 45. Kg2 g3 46. Kh3 Ke6 47. b4 Rd8 48. Kg2 Rh8 49.
Kg1 Nh7 50. Nd3 Ng5 51. Ne1 Rd8 52. Kg2 Rd1 53. Nc2 Rd3 54. Ne1 Ra3 55. c5 Ke7 56.
b5 cxb5 57. Rc2 Kd7 58. c6+ Kc7 59. Rd2 Kxc6 60. Nd3 Nf7 61. Rc2+ Kd6 62. Rd2 Ke7
63. Nc5 Nd6 64. Nd3 Nc4  0-1

[Event "British Chess Championships 2023: Weekend Tournament Atkins"]
[Site "The Venue, De Montfort University, 20 Western Boulevard, Leicester, LE2 7BU"]
[Date "2023.07.21"]
[Round "1"]
[Board "4"]
[White "Kolani, Arjun"]
[Black "Csom, Etelka"]
[Result "1-0"]
[WhiteElo "2171"]
[BlackElo "2013"]
[PlyCount "0"]
[EventDate "2023.07.21"]
[EventRounds "5"]
[EventCountry "ENG"]

1. e4 e5 2. Nf3 Nc6 3. Bc4 Bc5 4. c3 Nf6 5. d3 d6 6. O-O O-O 7. h3 h6 8. Re1 Re8
9. b4 Bb6 10. a4 a5 11. b5 Ne7 12. Qb3 Rf8 13. d4 Ng6 14. dxe5 dxe5 15. Ba3 Nh5 16.
Nbd2 Qf6 17. Bxf8 Kxf8 18. Bf1 Nh4 19. Qa3+ Kg8 20. c4 Bd4 21. Nxd4 exd4 22. e5 Qf4
23. Rad1 Be6 24. Re4 Qg5 25. Nf3 Nxf3+ 26. Qxf3 Rd8 27. h4 Qf5 28. Qxf5 Bxf5 29.
Rexd4 Rxd4 30. Rxd4 c5 31. bxc6 bxc6 32. g4 c5 33. Rd8+  1-0

[Event "British Chess Championships 2023: Weekend Tournament Atkins"]
[Site "The Venue, De Montfort University, 20 Western Boulevard, Leicester, LE2 7BU"]
[Date "2023.07.21"]
[Round "1"]
[Board "6"]
[White "Moore, Gerald"]
[Black "Ortiz Sanchez, Luis"]
[Result "1-0"]
[WhiteElo "2155"]
[BlackElo "2007"]
[PlyCount "0"]
[EventDate "2023.07.21"]
[EventRounds "5"]
[EventCountry "ENG"]

1. d4 d5 2. c4 c6 3. Nf3 Nf6 4. Nc3 e6 5. g3 dxc4 6. Ne5 Bb4 7. Bg2 O-O 8. O-O Nbd7
9. Nxc4 Nd5 10. Ne4 N7b6 11. Ne5 Bd7 12. Qc2 f6 13. Nd3 Be8 14. Nec5 Qc8 15. e4 Nc7
16. Nxb4  1-0

[Event "British Chess Championships 2023: Weekend Tournament Atkins"]
[Site "The Venue, De Montfort University, 20 Western Boulevard, Leicester, LE2 7BU"]
[Date "2023.07.21"]
[Round "1"]
[Board "7"]
[White "Gay, Simon P"]
[Black "Nawalaniec, Adam"]
[Result "1-0"]
[WhiteElo "2002"]
[BlackElo "2148"]
[PlyCount "0"]
[EventDate "2023.07.21"]
[EventRounds "5"]
[EventCountry "ENG"]

1. e4 c5 2. Nc3 a6 3. f4 b5 4. Nf3 Bb7 5. d3 e6 6. g3 b4 7. Ne2 d5 8. exd5 Nf6 9.
Bg2 Bxd5 10. O-O Nbd7 11. h3 h5 12. c4 Bb7 13. b3 Qc7 14. Bb2 O-O-O 15. Ng5 Bxg2
16. Kxg2 Nb6 17. Qc2 Nh7 18. Nxh7 Rxh7 19. d4 f5 20. Rad1 h4 21. g4 g5 22. d5 fxg4
23. hxg4 gxf4 24. Bf6 Re8 25. Nxf4 exd5 26. cxd5 Bh6 27. g5 Rg8 28. Qf5+ Qd7 29.
Ne6 Kb8 30. Kh1 Bf8 31. Be5+ Bd6 32. Bxd6+ Qxd6 33. Qxh7 Re8 34. Qf5 Kb7 35. g6 Nd7
36. g7 Rg8 37. Qf7  1-0

[Event "British Chess Championships 2023: Weekend Tournament Atkins"]
[Site "The Venue, De Montfort University, 20 Western Boulevard, Leicester, LE2 7BU"]
[Date "2023.07.21"]
[Round "1"]
[Board "8"]
[White "Samarasinghe, Jude Ranga"]
[Black "Gordon, Sean"]
[Result "0-1"]
[WhiteElo "2148"]
[BlackElo "1999"]
[PlyCount "0"]
[EventDate "2023.07.21"]
[EventRounds "5"]
[EventCountry "ENG"]

1. e4 c5 2. Nf3 d6 3. c3 Nf6 4. Bc4 e6 5. O-O Nxe4 6. Bxe6 Bxe6 7. Qa4+ Nc6 8. Qxe4
Be7 9. d4 d5 10. Qe3 c4 11. Re1 O-O 12. Nbd2 Re8 13. Nf1 b5 14. Ng3 Bg4 15. Qf4 Bxf3
16. Qxf3 Qd7 17. Qf5 Qxf5 18. Nxf5 Bf8 19. Bd2 f6 20. Rxe8 Rxe8 21. Ne3 Ne7 22. a4
Rb8 23. axb5 Rxb5 24. Bc1 a5 25. Kf1 h5 26. Ke2 Kf7 27. Ra4 Ke6 28. Nc2 Nc6 29. Kd1
g5 30. Ne1 g4 31. Kc2 Bd6 32. g3 Ne7 33. Ng2 Ng6 34. Bh6 Kf5 35. Ra2 Ke4 36. Kd1
f5 37. Ke2 f4 38. Ne1 h4 39. h3 f3+ 40. Kf1 gxh3 41. Kg1 hxg3 42. Be3 g2 43. Nxg2
fxg2 44. b4 Kf3  0-1

[Event "British Chess Championships 2023: Weekend Tournament Atkins"]
[Site "The Venue, De Montfort University, 20 Western Boulevard, Leicester, LE2 7BU"]
[Date "2023.07.21"]
[Round "1"]
[Board "9"]
[White "Obi, Okwose Marc"]
[Black "Pert, Max P"]
[Result "1-0"]
[WhiteElo "1965"]
[BlackElo "2140"]
[PlyCount "0"]
[EventDate "2023.07.21"]
[EventRounds "5"]
[EventCountry "ENG"]

1. e4 c6 2. d4 d5 3. e5 c5 4. Nf3 Nc6 5. dxc5 Bg4 6. c3 e6 7. Be3 Bxf3 8. Qxf3 Nxe5
9. Bb5+ Nc6 10. O-O Nf6 11. c4 a6 12. cxd5 Qxd5 13. Bxc6+ bxc6 14. Qg3 Ne4 15. Qg4
f5 16. Qh5+ g6 17. Qe2 e5 18. Nc3 Nxc3 19. bxc3 Be7 20. Rfd1 Qe6 21. Bd4 Bf6 22.
Rab1 O-O 23. Rb6 Rfd8 24. Rdb1 Qd5 25. Be3 f4 26. Bc1 Qxc5 27. Bxf4 Qd5 28. Be3 e4
29. c4 Qe6 30. g3 Rd3 31. c5 a5 32. Kg2 Rad8 33. Rb8 Qf5 34. Rxd8+ Rxd8 35. Rb7 Qd5
36. Qc2 Bd4 37. Bxd4 Qxd4 38. Qb3+ Qd5 39. Ra7 Kf8 40. Qxd5 cxd5 41. Rxh7 Kg8 42.
Ra7 d4 43. Kf1 d3 44. Ke1 Rb8 45. c6 Rc8 46. c7 Kf7 47. Kd2 Ke7 48. f3 exf3 49. Kxd3
Kd7 50. Ke3 Rf8 51. c8=Q+  1-0

[Event "British Chess Championships 2023: Weekend Tournament Atkins"]
[Site "The Venue, De Montfort University, 20 Western Boulevard, Leicester, LE2 7BU"]
[Date "2023.07.21"]
[Round "1"]
[Board "10"]
[White "Matlak, Oleksandr"]
[Black "Rich, Aaron"]
[Result "1-0"]
[WhiteElo "2136"]
[BlackElo "1965"]
[PlyCount "0"]
[EventDate "2023.07.21"]
[EventRounds "5"]
[EventCountry "ENG"]

1. c4 b6 2. Nf3 Bb7 3. g3 e6 4. Bg2 f5 5. O-O Nf6 6. d4 Bd6 7. d5 O-O 8. Nd4 Qe7
9. Nc3 Na6 10. Qc2 Nc5 11. Ndb5 c6 12. Nxd6 Qxd6 13. dxe6 Qxe6 14. b4 Nce4 15. Nxe4
fxe4 16. c5 a5 17. bxa5 Rxa5 18. cxb6 Rh5 19. Bb2 e3 20. Bxf6 Rxf6 21. f4 Rfh6 22.
f5 Qe5 23. Qe4 Qxe4 24. Bxe4 Rxh2 25. Rad1 d5 26. Bg2 c5 27. Rb1 c4 28. g4 R2h4 29.
Rf4 Rd6 30. a4 Rhh6 31. a5 Rd7 32. Rd4 Rhd6 33. Kh2 Kf7 34. Kg3 Re7 35. Rb5 Red7
36. Kf4 Ba6 37. Rbxd5 Ke7 38. Rxd6 Rxd6 39. Rxd6 Kxd6 40. Kxe3 Kd7 41. Kd4 c3 42.
Kxc3 Bxe2 43. g5 Ba6 44. Kd4 Kd6 45. Be4 Bb5 46. Bd3  1-0

[Event "British Chess Championships 2023: Weekend Tournament Atkins"]
[Site "The Venue, De Montfort University, 20 Western Boulevard, Leicester, LE2 7BU"]
[Date "2023.07.21"]
[Round "1"]
[Board "11"]
[White "Sommerbauer-Cornell, Ben"]
[Black "Ashworth, Michael J"]
[Result "1/2-1/2"]
[WhiteElo "1956"]
[BlackElo "2131"]
[PlyCount "0"]
[EventDate "2023.07.21"]
[EventRounds "5"]
[EventCountry "ENG"]

1. e4 c5 2. d4 cxd4 3. c3 Nf6 4. e5 Nd5 5. Bc4 Nb6 6. Bb3 d6 7. Nf3 Nc6 8. cxd4 dxe5
9. Nxe5 Nxe5 10. dxe5 Qxd1+ 11. Bxd1 Bd7 12. O-O Bc6 13. Nc3 e6 14. Be2 Bc5 15. Rd1
O-O 16. b3 Rac8 17. Bg5 f6 18. exf6 h6 19. Bh4 g5 20. Bg3 Rxf6 21. Bb5 Bxb5 22. Nxb5
Rcf8 23. Rd2 Nd5 24. Nd6 Bxd6 25. Bxd6 Rc8 26. h3 Rc6 27. Be5 Rf8 28. Re1 Rfc8 29.
Ree2 Kf7 30. Kh2 h5 31. Bd4 a6 32. Re5 Rg8 33. Bb2 b5 34. a3 Kg6 35. g3 Kf7 36. Bd4
Rg6 37. b4 Rc1 38. Rd3 Rc7 39. Bc5 Kf6 40. Bd6 Rd7 41. Rf3+ Nf4 42. Bb8 Rb7 43. gxf4
Rxb8 44. Rfe3 Rb6 45. fxg5+ Rxg5 46. f4 Rf5 47. Kg3 Rd6 48. Rxf5+ exf5 49. Kf3 Rc6
50. Rd3 Ke6  1/2-1/2

[Event "British Chess Championships 2023: Weekend Tournament Atkins"]
[Site "The Venue, De Montfort University, 20 Western Boulevard, Leicester, LE2 7BU"]
[Date "2023.07.21"]
[Round "1"]
[Board "12"]
[White "Samarakoon, Vivash"]
[Black "Rich, Ben S"]
[Result "1/2-1/2"]
[WhiteElo "2095"]
[BlackElo "1951"]
[PlyCount "0"]
[EventDate "2023.07.21"]
[EventRounds "5"]
[EventCountry "ENG"]

1. e4 c5 2. Nf3 d6 3. d4 cxd4 4. Nxd4 Nf6 5. Nc3 e6 6. Be3 a6 7. f3 Qc7 8. Be2 Nbd7
9. O-O b5 10. a3 Bb7 11. Qd2 Ne5 12. Bf2 Rc8 13. Bg3 Nc4 14. Bxc4 Qxc4 15. Nb3 Qc6
16. Kh1 Qb6 17. Ne2 Be7 18. Nbd4 O-O 19. c3 Rfd8 20. a4 Nd7 21. Bf2 Nc5 22. axb5
Bf6 23. b4 axb5 24. Ra5 Ba6 25. Qa2 Nd3 26. Rxa6 Nxf2+ 27. Rxf2 Bxd4 28. Rxb6 Bxb6
29. Rf1 Ra8 30. Qb2 d5 31. e5 g6 32. Ra1 Rac8 33. Ra6 Be3 34. h3 h5 35. Ra5 Rc4 36.
Rxb5 Rdc8 37. Qa3 h4 38. Ra5 Kg7 39. Ra8 R8c7 40. Kh2 Bf2 41. Qc1 d4 42. Qg5 Rc8
43. Qf6+ Kg8 44. Rxc8+ Rxc8 45. Nxd4 Rxc3 46. Ne2 Re3 47. Qd8+ Kh7 48. Qd2 Rxe5 49.
g3 hxg3+ 50. Nxg3 Be3 51. Qd3 Bf4 52. Kg2 Rg5 53. Qd7 Rxg3+ 54. Kf2 Kg8 55. Qd8+
Kg7 56. Qh4 e5 57. Qxg3 Bxg3+ 58. Kxg3 Kf8 59. Kf2 Ke7 60. Ke3 Kd6 61. Ke4 f5+ 62.
Kd3 Kd5 63. h4 Kd6 64. Kc4 Kc6 65. b5+ Kd6 66. b6 Kc6 67. b7 Kxb7 68. Kd5 e4 69.
fxe4 fxe4 70. Kxe4 Kc7 71. Ke5 Kd7  1/2-1/2

[Event "British Chess Championships 2023: Weekend Tournament Atkins"]
[Site "The Venue, De Montfort University, 20 Western Boulevard, Leicester, LE2 7BU"]
[Date "2023.07.21"]
[Round "1"]
[Board "13"]
[White "Dunne, Thomas Junior"]
[Black "Dias, Savin"]
[Result "1/2-1/2"]
[WhiteElo "1903"]
[BlackElo "2070"]
[PlyCount "0"]
[EventDate "2023.07.21"]
[EventRounds "5"]
[EventCountry "ENG"]

1. e4 c5 2. Nc3 Nc6 3. f4 g6 4. Nf3 Bg7 5. Bc4 e6 6. f5 Nge7 7. fxe6 fxe6 8. O-O
d5 9. Be2 O-O 10. d3 d4 11. Nb1 Qd6 12. Nbd2 Bd7 13. Nc4 Qc7 14. a4 b6 15. Qe1 Nc8
16. Qh4 Qd8 17. Bg5 Qe8 18. Bh6 Bxh6 19. Qxh6 Rf7 20. Nfe5 Nxe5 21. Nxe5 Rg7 22.
Ng4 Rf7 23. Nf6+ Rxf6 24. Rxf6 Nd6 25. Raf1 Bxa4 26. Bg4 Bd7 27. Qh3 Kg7 28. Bxe6
Rd8 29. Bxd7 Qxd7 30. Qxd7+ Rxd7 31. g4 Nf5 32. R6xf5 gxf5 33. gxf5 Kf6 34. Kf2 Ke5
35. Kf3 a5 36. Rg1 c4 37. Rg8 b5 38. Re8+ Kf6 39. Kf4 c3 40. b3 Ra7 41. e5+ Kf7 42.
Rb8 a4 43. bxa4 bxa4 44. Ke4 a3 45. Rb1 a2 46. Ra1 Ra4 47. Kd5 Ke7 48. Kc5 Kf7 49.
Kb5 Ra7 50. Kc4 Ra4+ 51. Kb3 Ra5 52. Rxa2 Rxe5 53. Ra7+ Kf6 54. Rxh7 Rxf5 55. Rh8
Ke5 56. h4 Kd6 57. Kc4 Rf2 58. Kxd4 Rxc2 59. Rc8 Rh2 60. Kxc3  1/2-1/2

[Event "British Chess Championships 2023: Weekend Tournament Atkins"]
[Site "The Venue, De Montfort University, 20 Western Boulevard, Leicester, LE2 7BU"]
[Date "2023.07.21"]
[Round "1"]
[Board "14"]
[White "Fowler, Hugo"]
[Black "Cotterill, Sam"]
[Result "1-0"]
[WhiteElo "1930"]
[BlackElo "1895"]
[PlyCount "0"]
[EventDate "2023.07.21"]
[EventRounds "5"]
[EventCountry "ENG"]

1. e4 e6 2. d4 d5 3. Nd2 c5 4. Ngf3 Nc6 5. exd5 exd5 6. Bb5 Nf6 7. O-O Be7 8. dxc5
Bxc5 9. Nb3 Be7 10. Nbd4 Qc7 11. Re1 O-O 12. Nxc6 bxc6 13. Bxc6 Qxc6 14. Rxe7 Ne4
15. Be3 Bg4 16. Rxa7 Rab8 17. Ne5 Bxd1 18. Nxc6 Bxc2 19. Nxb8 Rxb8 20. Rc1 Bd3 21.
Rcc7 Rf8 22. f3  1-0

[Event "British Chess Championships 2023: Weekend Tournament Atkins"]
[Site "The Venue, De Montfort University, 20 Western Boulevard, Leicester, LE2 7BU"]
[Date "2023.07.21"]
[Round "1"]
[Board "15"]
[White "Walker, David N"]
[Black "Madhavan, Sanjith"]
[Result "1-0"]
[WhiteElo "1871"]
[BlackElo "1987"]
[PlyCount "0"]
[EventDate "2023.07.21"]
[EventRounds "5"]
[EventCountry "ENG"]

1. d4 Nf6 2. c4 g6 3. Nc3 Bg7 4. e4 O-O 5. Be2 d6 6. Bg5 c5 7. d5 h6 8. Be3 e6 9.
Qd2 exd5 10. cxd5 Kh7 11. f3 a6 12. a4 Re8 13. Bd3 Nbd7 14. Nge2 Ne5 15. a5 Qe7 16.
Ng3 Nfd7 17. Be2 Nf8 18. O-O h5 19. f4 Ng4 20. Bxg4 Bxg4 21. Rae1 Qd8 22. f5 h4 23.
fxg6+ fxg6 24. Bg5 Qxa5 25. Bxh4 Qc7 26. Bf6 Bc8 27. Qg5 Bxf6 28. Rxf6 Re5 29. Qh4+
Kg7 30. Ref1 Qe7 31. Rf7+ Qxf7 32. Rxf7+ Kxf7 33. Qd8 Nd7 34. Qc7 Ke7 35. Nce2 Rb8
36. Nf4 Rg5 37. Ne6 Re5 38. Qd8+ Kf7 39. h4 b5 40. Qh8 Rxe6 41. dxe6+ Kxe6 42. Qe8+
Kf6 43. h5 Ne5 44. Qd8+ Ke6 45. Qc7 Ra8 46. hxg6 Bd7 47. Nf5 Nc4 48. b3 Rc8 49. Qb7
 1-0

[Event "British Chess Championships 2023: Weekend Tournament Atkins"]
[Site "The Venue, De Montfort University, 20 Western Boulevard, Leicester, LE2 7BU"]
[Date "2023.07.21"]
[Round "1"]
[Board "16"]
[White "Chopra, Manmay"]
[Black "Timbrell, Matthew"]
[Result "1-0"]
[WhiteElo "2061"]
[BlackElo "1858"]
[PlyCount "0"]
[EventDate "2023.07.21"]
[EventRounds "5"]
[EventCountry "ENG"]

1. e4 c6 2. d4 d5 3. Nc3 dxe4 4. Nxe4 Bf5 5. Ng3 Bg6 6. h4 h6 7. Nh3 e6 8. Nf4 Bh7
9. Bc4 Nf6 10. Ngh5 Nbd7 11. c3 Nxh5 12. Nxh5 Nf6 13. Nxf6+ Qxf6 14. Bd3 Bxd3 15.
Qxd3 Bd6 16. Be3 O-O-O 17. Qe4 Qf5 18. Qxf5 exf5 19. g3 Rhe8 20. O-O-O Re4 21. Rde1
Rde8 22. Kd2 b6 23. f3 R4e6 24. Bf2 h5 25. Rhg1 Kd7 26. a4 Rxe1 27. Bxe1 g6 28. Bf2
Bc7 29. Kd3 a6 30. c4 b5 31. axb5 axb5 32. cxb5 cxb5 33. Ra1 Kc6 34. Ra6+ Kd5 35.
Ra7 Re7 36. Ra6 Re8 37. Ra3 Bd6 38. Ra5 Rb8 39. Ra7 Rf8 40. Ra6 Rb8 41. g4 hxg4 42.
Rxd6+ Kxd6 43. Bg3+ Kd5 44. Bxb8 gxf3 45. Bg3 f4 46. Bxf4 f2 47. Ke2 Kxd4 48. Kxf2
Ke4 49. Kg3  1-0

[Event "British Chess Championships 2023: Weekend Tournament Atkins"]
[Site "The Venue, De Montfort University, 20 Western Boulevard, Leicester, LE2 7BU"]
[Date "2023.07.21"]
[Round "1"]
[Board "17"]
[White "Goss, Alex"]
[Black "Patel, Rishi"]
[Result "1-0"]
[WhiteElo "1848"]
[BlackElo "2060"]
[PlyCount "0"]
[EventDate "2023.07.21"]
[EventRounds "5"]
[EventCountry "ENG"]

1. e4 e5 2. Nf3 Nc6 3. d4 exd4 4. Bc4 Nf6 5. e5 d5 6. Bb5 Ne4 7. Nxd4 Bd7 8. Bxc6
bxc6 9. O-O Bc5 10. f3 Ng5 11. f4 Ne6 12. Be3 f5 13. Nxf5 Bxe3+ 14. Nxe3 d4 15. Nc4
Qh4 16. Qf3 O-O 17. g3 Qe7 18. Nbd2 Ng5 19. Qd3 Nh3+ 20. Kg2 c5 21. Rae1 g5 22. f5
g4 23. Qe4 Qg5 24. Qd5+ Kh8 25. Qxd7 Rab8 26. b3 Qh5 27. f6 Rf7 28. Qf5 Ng5 29. e6
 1-0

[Event "British Chess Championships 2023: Weekend Tournament Atkins"]
[Site "The Venue, De Montfort University, 20 Western Boulevard, Leicester, LE2 7BU"]
[Date "2023.07.21"]
[Round "1"]
[Board "18"]
[White "Gant, Chris J"]
[Black "Phillips, David"]
[Result "1-0"]
[WhiteElo "2058"]
[BlackElo "1825"]
[PlyCount "0"]
[EventDate "2023.07.21"]
[EventRounds "5"]
[EventCountry "ENG"]

1. d4 d5 2. Nf3 Bf5 3. c4 e6 4. g3 Nf6 5. Bg2 c6 6. O-O h6 7. Nc3 Be7 8. Nd2 O-O
9. e4 dxe4 10. Ndxe4 Nbd7 11. Be3 Nxe4 12. Nxe4 Nf6 13. f3 Qd7 14. Qe2 Rad8 15. Rad1
Rfe8 16. a3 b5 17. Nc5 Bxc5 18. dxc5 Bd3 19. Qf2 bxc4 20. Rfe1 Qb7 21. Bf4 Nd5 22.
Bd6 Qb3 23. f4 a5 24. Qd4 Ne7 25. Qf2 Nd5 26. Qd4 Rd7 27. Rd2 Rb7 28. Bf3 Bg6 29.
Bd1 Qb5 30. g4 Rd8 31. Rf1 Bd3 32. Rff2 f6 33. a4 Qb4 34. b3 cxb3 35. Qxd3 Qc3 36.
Qxc3 Nxc3 37. Bf3 Nxa4 38. Bxc6 b2 39. Rxb2 Rxb2 40. Bxa4 Rb4 41. Ra2 e5 42. fxe5
Rxg4+ 43. Kf2 fxe5 44. Bb3+ Kh8 45. Rxa5 Rd4 46. Rb5 e4 47. Ke3 R4xd6 48. cxd6 Rxd6
49. Bc2 Kg8 50. Rb7 Kf8 51. Bxe4 Re6 52. Kf4 Ra6 53. h3 Kg8 54. Ke5 Rf6 55. Bf5 Ra6
56. Be6+ Kh7 57. Bf5+ Kg8 58. h4 Ra5+ 59. Ke6 Ra8 60. Ke7 Kh8 61. Kf7 Rd8 62. Re7
Ra8 63. Be4 Rb8 64. Re6 Rc8 65. Bd5 Rb8 66. Re7 Rd8 67. Be6 Kh7 68. Bf5 Kh8 69. Bd7
Ra8 70. Be8 Ra6 71. Kf8 Rf6+ 72. Bf7 Kh7 73. h5  1-0

[Event "British Chess Championships 2023: Weekend Tournament Atkins"]
[Site "The Venue, De Montfort University, 20 Western Boulevard, Leicester, LE2 7BU"]
[Date "2023.07.21"]
[Round "1"]
[Board "19"]
[White "Simms, Jake"]
[Black "Sutton, Daniel"]
[Result "0-1"]
[WhiteElo "1810"]
[BlackElo "2057"]
[PlyCount "0"]
[EventDate "2023.07.21"]
[EventRounds "5"]
[EventCountry "ENG"]

1. e4 e5 2. Nf3 Nc6 3. Bc4 Bc5 4. O-O Nf6 5. d4 exd4 6. e5 d5 7. exf6 dxc4 8. fxg7
Rg8 9. Bg5 f6 10. Re1+ Kf7 11. Bh6 Bf5 12. Nh4 Bg6 13. Qe2 Ne5 14. Nf3 Qd5 15. Nxe5+
fxe5 16. Nc3 dxc3 17. Rad1 Qe6 18. Qf3+ Bf5 19. g4 Bd6 20. Qxf5+ Qxf5 21. gxf5 cxb2
22. c3 Kf6 23. Rd2 Kxf5 24. Rxb2 Kg6 25. Be3 b6 26. f4 Rxg7 27. fxe5 Kf7+ 28. Kh1
Bxe5 29. Rf2+ Kg8 30. Bh6 Bxc3 31. Ref1 Bd4 32. Rf3 Re8 33. Bxg7 Bxg7 34. Rf7 Re2
35. Rxc7 Rxh2+ 36. Kg1 Bd4+ 37. Kxh2 Be5+ 38. Kg2 Bxc7 39. Rf3 Kg7 40. Kf2 Kg6 41.
Ke3 b5 42. Kd4 h5 43. Kc5 a6 44. Kc6 Be5 45. Kb6 c3 46. Rf8 b4 47. Kxa6 c2  0-1

[Event "British Chess Championships 2023: Weekend Tournament Atkins"]
[Site "The Venue, De Montfort University, 20 Western Boulevard, Leicester, LE2 7BU"]
[Date "2023.07.21"]
[Round "1"]
[Board "20"]
[White "Mitchell, R"]
[Black "Moss, Thomas D"]
[Result "0-1"]
[WhiteElo "2050"]
[BlackElo "1755"]
[PlyCount "0"]
[EventDate "2023.07.21"]
[EventRounds "5"]
[EventCountry "ENG"]

1. e4 g6 2. Nf3 Bg7 3. d3 d6 4. Be2 c5 5. c3 Nf6 6. Nbd2 b6 7. O-O Bb7 8. Re1 O-O
9. Nf1 c4 10. Ng3 cxd3 11. Bxd3 Nbd7 12. Bf4 Ng4 13. Bc2 Nge5 14. Nd4 h5 15. Nxh5
gxh5 16. Qxh5 Nf6 17. Qh4 Ng6 18. Qg3 Nxf4 19. Qxf4 e5 20. Qg5 exd4 21. cxd4 Nh7
22. Qg3 Qg5 23. Qh3 Bc8 24. Qd3 f5 25. e5 Bb7 26. Qh3 Qg4 27. Qxg4 fxg4 28. Rad1
Rae8 29. exd6 Nf6 30. Re7 Rxe7 31. dxe7 Re8 32. Re1 Kf7 33. Bb3+ Bd5  0-1

[Event "British Chess Championships 2023: Weekend Tournament Atkins"]
[Site "The Venue, De Montfort University, 20 Western Boulevard, Leicester, LE2 7BU"]
[Date "2023.07.21"]
[Round "1"]
[Board "21"]
[White "Guha, Chirag"]
[Black "Agrawal, Shivam"]
[Result "1-0"]
[WhiteElo "1754"]
[BlackElo "2048"]
[PlyCount "0"]
[EventDate "2023.07.21"]
[EventRounds "5"]
[EventCountry "ENG"]

1. d4 d5 2. c4 c6 3. Nf3 Nf6 4. g3 Bf5 5. Nc3 e6 6. Nh4 Bg6 7. Qb3 Qb6 8. Nxg6 hxg6
9. c5 Qxb3 10. axb3 e5 11. e3 Nbd7 12. b4 Be7 13. b5 Ng4 14. f3 Nh6 15. g4 Bf6 16.
Ra4 Bh4+ 17. Kd1 f5 18. h3 Ke7 19. b4 Bf6 20. bxc6 bxc6 21. b5 exd4 22. exd4 Nxg4
23. fxg4 Kf7 24. Bd2 fxg4 25. bxc6 Nb8 26. Bg2 gxh3 27. Bxd5+ Ke7 28. c7 g5 29. Bxa8
g4 30. Bf4 Nd7 31. Bb7 g5 32. Bg3 Nxc5 33. dxc5 Bxc3 34. c8=Q Rxc8 35. Bxc8 Kf6 36.
Bxg4 Be5 37. Bxe5+ Kxe5 38. Rxh3 Kd5 39. Rxa7 Kxc5 40. Rd7 Kc4 41. Rh8 Kc5 42. Rc8+
Kb6 43. Rd2 Kb7 44. Rc3 Kb6 45. Rb2+ Ka5 46. Ra3#  1-0